Vampire Diaries Season 1 - easy - Statistics

General Stats
  • This quiz has been taken 1,044 times
  • The average score is 15 of 20
Answer Stats
Hint Answer % Correct
Older vampire brother Damon
100%
Main character Elena
100%
Witch Bonnie
99%
Sherriffs daughter Caroline
99%
Younger vampire brother Stefan
99%
New history teacher Alaric
98%
Main characters Aunt Jenna
98%
Main characters brother Jeremy
96%
Main characters ex Matt
94%
Was main character adopted? Yes
86%
Main characters brothers girlfriend Vicki
85%
Girl who went into the tomb to find her mother Anna
76%
Main characters surname Gilbert
75%
Main characters brothers bully(?) Tyler
69%
News reporter Logan
68%
Witch's grandma nickname Grams
60%
Main characters birth parents Isobel and John
50%
Bar tender witch went on a date with who was a vampire Ben
14%
Main characters birth mothers friend that led Jenna to main characters birth parents Trudie
5%
Main characters doppleganger Karoline
3%
No matching quizzes found
Score Distribution
Percent of People with Each Score
Percentile by Number Answered
Your Score History
You have not taken this quiz